| 000 | 00399nam a22001697a 4500 | ||
|---|---|---|---|
| 003 | SGT | ||
| 020 | _a9789394102224 | ||
| 082 |
_a616.01 _bT22B |
||
| 100 | _aBaveja, C. P. | ||
| 245 | _aTextbook of Microbiology for Dental Students | ||
| 250 | _a6th | ||
| 260 |
_aDelhi, India _bArya Pub. Co. _c2022 |
||
| 300 | _a444 | ||
| 650 | _aMicrobiology | ||
| 653 | _aMicrobiology | ||
| 942 |
_2ddc _cBK _035 |
||
| 999 |
_c23036 _d23036 |
||